| 000 | 00000nam 2200000za 4500 |
| 001 | 9.806462 |
| 003 | CaOODSP |
| 005 | 20250729084023 |
| 007 | cr ||||||||||| |
| 008 | 150406s2004 bcc|||||o f|0| 0 fre d |
| 040 | |aCaOODSP|bfre |
| 043 | |an-cn--- |
| 086 | 1 |aEn3-4/216-2004F-PDF |
| 245 | 00|aProgramme de rétablissement de la Chouette tachetée du Nord (Strix occidentalis caurina) en Colombie-Britannique |h[ressource électronique]. |
| 260 | |a[Victoria, B.C.] : |bEnvironnement Canada, |c2004. |
| 300 | |a[107] p. en pagination multiple : |bcartes (certaines en couleur), tableaux. |
| 490 | 1 |aLoi sur les espèces en péril, Collection de Programmes de rétablissement |
| 500 | |aComprend des modifications de 2006. |
| 500 | |a« 19 avril 2004. » |
| 500 | |aPublié aussi en anglais sous le titre : Recovery strategy for the Northern Spotted Owl (Strix occidentalis caurina) in British Columbia. |
| 504 | |aComprend des références bibliographiques. |
| 692 | 07|2gccst|aEspèce menacée |
| 710 | 1 |aCanada. |bEnvironnement Canada. |
| 775 | 08|tRecovery strategy for the Northern Spotted Owl (Strix occidentalis caurina) in British Columbia |w(CaOODSP)9.806428 |
| 794 | |tProgramme de rétablissement modifié de la chouette tachetée de la sous-espèce caurina (Strix occidentalis caurina) au Canada.|w(CaOODSP)9.947837 |
| 830 | #0|aLoi sur les espèces en péril, Collection de programmes de rétablissement.|w(CaOODSP)9.501470 |
| 856 | 40|qPDF|s1.24 Mo|uhttps://publications.gc.ca/collections/collection_2015/ec/En3-4-216-2004-fra.pdf |